000
00336nam a2200157Ia 4500
003
OSt
005
20240120124647.0
008
170524s9999 xx 000 0 und d
020
_a
0 8177000667
040
_c
iimtu
100
_a
Singh VP
245
0
_a
Theory of machines
260
_b
Dhanpat Rai
260
_c
2008
942
_2
ddc
_c
02
999
_c
5560
_d
5560